000 00499nam a22001697a 4500
999 _c8346
_d8346
008 201113b ||||| |||| 00| 0 eng d
040 _aBMS College of Architecture
100 _aHijazi, Mohammed
245 _aThe land of second chances
300 _a44p.
500 _a1BM15AT049
502 _8B,Arch
_NBMS College of Architecture, Visvesvaraya Technological University (VTU)
_aProject report
_d2019
650 _aLand
700 _aAnirban Pal
_eGuide
700 _aSachin S
942 _2ddc
_cTHE